000 08151namaa22004451i 4500
003 EG-GICUC
005 20260412112752.0
008 260328s2025 ua a|||frm||| 000 0 eng d
040 _aEG-GICUC
_beng
_cEG-GICUC
_dEG-GICUC
_erda
041 0 _aeng
_beng
_bara
049 _aDeposit
082 0 4 _a615.82
092 _a615.82
_221
097 _aM.Sc
099 _aCai01.21.04.M.Sc.2025.Ka.E
100 0 _aKarim Reda Sayed,
_epreparation.
245 1 0 _aEffect of cryolipolysis versus ultrasound cavitation on post-menopausal abdominal adiposity /
_cby Karim Reda Sayed ; Supervisors Prof. Dr. Mohamed Ahmed Mohamed Awad, Prof. Dr. Mohamed Fawzy Abu Al-Anin, Dr. Dina Mahmoud Al-Ashmawy.
246 1 5 _aتأثير تفتيت الدهون بالتبريد مقابل تأثير التجويف بالموجات فوق الصوتية علي سمنة البطن لدي السيدات بعد انقطاع الطمث
264 0 _c2025.
300 _a97 pages :
_billustrations ;
_c25 cm. +
_eCD.
336 _atext
_2rda content
337 _aUnmediated
_2rdamedia
338 _avolume
_2rdacarrier
502 _aThesis (M.Sc)-Cairo University, 2025.
504 _aBibliography: pages 62-74.
520 3 _aPurpose: The purpose of this study was to compare between the effect of cryolipolysis and ultrasound cavitation on post-menopausal abdominal adiposity. Subjects: Sixty post- menopausal women participated in this study to compare between the effect of cryolipolysis and ultrasound cavitation on post-menopausal abdominal adiposity. They were selected randomly from Outpatient Clinic of Om El Masryeen General Hospital in Giza. Their ages were ranged from (50-60) years old. Their body mass index were > 30 kg/m2. All women were at least 2 years after menopause. All women suffer from abdominal obesity as their waist circumference will be > 90 cm and their waist hip ratio were > 0.85. Design: Design of the study was randomized controlled study. All women were divided randomly into two groups (A&B). Group A (Cryolipolysis group): It was consisted of thirty post menopausal women and were treated by low caloric diet (1200 kcal /day) and cryolipolysis for 60 mins, one session every 4 weeks for 3 months. Group B (Ultrasound cavitation group): It was consisted of thirty post menopausal women and were treated by low caloric diet (1200 kcal /day) and ultrasound cavitation for 40 mins, twice per week for 3 months. Assessment: Tape measurement was used to assess waist circumference and hip circumference to calculate waist hip ratio for each woman in both groups (A&B) before and after treatment. Skin fold caliper was used to measure abdominal skin fold thickness for each woman in both groups (A&B) before and after treatment. Results: Results of this study revealed that Within groups; there was significant decrease in BMI, waist circumference, hip circumference, waist hip ratio and skin fold thickness in both groups A and B post treatment. Between groups; pre treatment as well as post treatment, there was no significant difference between both groups A and B in BMI, waist circumference, hip circumference, waist hip ratio and skin fold thickness. Conclusion: It can be concluded that both cryolipolysis and ultrasound cavitation have the same effect on reducing post menopausal abdominal adiposity through decreasing BMI, waist circumference, hip circumference, waist hip ratio and skin fold thickness.
520 3 _aالغرض: أجريت هذه الدراسة لمقارنة تأثير تقنية تفتيت الدهون بالتبريد وتقنية تفتيت الدهون بالموجات فوق الصوتية على سمنة البطن بعد انقطاع الطمث. الأشخاص: شارك في هذه الدراسة ستون امرأة بعد انقطاع الطمث. تم اختيارهن عشوائيًا من العيادات الخارجية لمستشفى أم المصرين العام بالجيزة. تراوحت أعمارهن بين (50-60) عامًا. ومؤشر كتلة الجسم لديهن > 30 كجم/م2. وجميع النساء بعد انقطاع الطمث بسنتين على الأقل. وجميع النساء يعانين من السمنة البطنية حيث يكون محيط خصرهن > 90 سم ونسبة الخصر إلى الوركين > 0.85. التصميم: هذه الدراسة كانت دراسة عشوائية محكمة. تم توزيعهن عشوائيًا إلى مجموعتين متساويتين في العدد ؛ المجموعة (أ) (مجموعة تحلل الدهون بالتبريد) تكونت من ثلاثين امرأة بعد انقطاع الطمث و تم علاجهن بواسطة النظام الغذائي منخفض السعرات الحرارية (1200 سعر حراري / يوم) وتحلل الدهون بالتبريد لمدة 60 دقيقة ، جلسة واحدة كل 4 أسابيع لمدة 3 أشهر. والمجموعة (ب) تكونت من ثلاثين امرأة بعد انقطاع الطمث و تم علاجهن بواسطة النظام الغذائي منخفض السعرات الحرارية (1200 سعر حراري / يوم) وتفتيت الدهون بالموجات فوق الصوتية لمدة 40 دقيقة ، مرتين في الأسبوع لمدة 3 أشهر. التقييم: تم تقييم مؤشر كتلة الجسم لكل امرأة في كلتا المجموعتين (أ) و (ب) باستخدام مقياس الوزن والطول قبل و بعد العلاج. تم تقييم محيط الخصر ومحيط الورك لحساب نسبة الخصر إلى الورك لكل امرأة في كلتا المجموعتين (أ) و (ب) قبل وبعد العلاج عن طريق شريط القياس. تم تقييم سمك طيات الجلد لكل امرأة في كلتا المجموعتين (أ) و (ب) باستخدام الفرجار قبل و بعد العلاج. النتائج: توصلت نتائج هذه الدراسة إلى عدم وجود فرق ذو دلالة إحصائية بين المجموعتين أ , ب في العمر, الوزن, الطول و مؤشر كتلة الجسم. أوضحت نتائج هذه الدراسة: داخل المجموعتين: وجود نقصان ذو دلالة احصائية في مؤشر كتلة الجسم , محيط الخصر, محيط الورك, نسبة محيط الخصر الي الورك وسمك طيات الجلد في المجموعتين أ,ب بعد العلاج. بين المجموعتين: قبل و بعد العلاج: عدم وجود فرق ذو دلالة احصائية بين المجموعتين أ , ب في مؤشر كتلة الجسم , محيط الخصر, محيط الورك, نسبة محيط الخصر الي الورك وسمك طيات الجلد. الخلاصة: و هكذا يمكن أن نستنتج أن كل من تفتيت الدهون بالتبريد و تفتيت الدهون بالموجات فوق الصوتية لهما نفس التأثير علي تقليل سمنة البطن بعد انقطاع الطمث من خلال تقليل مؤشر كتلة الجسم , محيط الخصر, محيط الورك, نسبة محيط الخصر الي الورك وسمك طيات الجلد.
530 _aIssues also as CD.
546 _aText in English and abstract in Arabic & English.
650 0 _aPhysical Therapy
650 0 _aالعلاج الطبيعي
653 1 _aCryolipolysis
_aUltrasound cavitation
_aLow caloric diet
_aAbdominal adiposity
_aتفتيت الدهون بالتبريد
_aتجويف بالموجات فوق الصوتية
700 0 _aMohamed Ahmed Mohamed Awad
_ethesis advisor.
700 0 _aMohamed Fawzy Abu Al-Anin
_ethesis advisor.
700 0 _aDina Mahmoud Al-Ashmawy
_ethesis advisor.
900 _b01-01-2025
_cMohamed Ahmed Mohamed Awad
_cMohamed Fawzy Abu Al-Anin
_cDina Mahmoud Al-Ashmawy
_UCairo University
_FFaculty of Physical Therapy
_DDepartment of Physical Therapy for Women’s Health
905 _aShimaa
_eEman Ghareb
942 _2ddc
_cTH
_e21
_n0
999 _c179067